Tilastot visalle Suomen Maatietokilpailu

Klikkaa tästä pelataksesi tätä visaa!

Yleistilastot

  • Tätä visaa on pelattu 5 kertaa
  • Keskiarvotulos 18 / 23

Vastaustilastot

VihjeVastaus% Oikein
Suomen valuuttaEuro
100%
PääkaupunkiHelsinki
100%
Yllä olevat lahdet ovat osa tätä mertaItämeri
100%
Pohjoinen alue jaettu
4 maalta
Lappi
100%
Entinen valuuttaMarkka
100%
RajamaaNorja
100%
Merenlahti{Pohjanlahti}
100%
RajamaaRuotsi
100%
Merenlahti{Suomenlahti}
100%
Suurin sisämaan kaupunkiTampere
100%
RajamaaVenäjä
100%
Suosituin urheilulajiJääkiekko
80%
"Finlandian" säveltäjäJean Sibelius
80%
73 % suomalaisista kuuluu tähän kirkkoon
(mutta vain 2 % osallistuu viikoittain)
Luterilainen
80%
Suurin makean veden järviSaimaa
80%
Sota käytiin Neuvostoliittoa vastaan ​​vuonna 1940{Talvi} Sota
80%
Jotkut sanovat myyttiselle henkilölle
asua sillä alueella
Joulupukki
60%
Käyttöjärjestelmä luotu
Kirjailija: Linus Torvalds
Linux
60%
MatkapuhelinyhtiöNokia
60%
Pitkän matkan juoksija
ja 12-kertainen olympiamitalisti
Paavo Nurmi
60%
Perinteinen höyrysaunaSauna
60%
Suomalainen spits on eräänlainen...Koira
0%
Tärkein elävä etninen ryhmä
yllä olevassa
Sami
0%

Tulosjakauma

Persentiili vastausten määrän mukaan

Jokaisen tuloksen saaneiden osuus

Tuloshistoriasi

Et ole pelannut tätä visaa